| 000 | 00605nam a22002177a 4500 | ||
|---|---|---|---|
| 003 | DO-SdBNP | ||
| 005 | 20220615102941.0 | ||
| 007 | ta | ||
| 008 | 220615b1987 dr a|||| |||| 00| 0 spa d | ||
| 040 |
_aDO-SdBNP _bspa _cBNPHU |
||
| 049 | _aBNPD | ||
| 082 | 4 |
_bT231e, 1987 _222 |
|
| 100 | 1 |
_aTavarez, Frank _953732 |
|
| 245 | 1 | 0 |
_aEncrucijada en la sombra : _bel hombre que fue monja / _cFrank Tavarez. |
| 250 | _a2a ed. | ||
| 260 |
_aSanto Domingo : _bPublicaciones América, _c1987. |
||
| 300 |
_a115 p. : _bretr. ; _c21 cm. |
||
| 590 | _aInventariado, 2022/BT | ||
| 910 | _aBtavárz | ||
| 942 |
_2ddc _cLBS1 |
||
| 999 |
_c52043 _d52043 |
||